| 000 | 00396pab a2200157 454500 | ||
|---|---|---|---|
| 008 | 180718b2008 xxu||||| |||| 00| 0 eng d | ||
| 100 | _aLatin, David D. | ||
| 245 | _aAmerican immigration through comparativists' eyes (a review article) | ||
| 260 | _c2008 | ||
| 300 | _ap.103-20. | ||
| 362 | _aOct | ||
| 650 | _aImmigration | ||
| 773 | _aComparative Politics | ||
| 908 | _aN | ||
| 909 | _a80368 | ||
| 999 |
_c80368 _d80368 |
||